000 00628nam a2200181 i 4500
001 57618
003 ES-MaACL
005 20230906163619.0
007 t|
008 031017s1961 sp |||| | spa d
100 1 _aDuart, Luis.
_945725
245 1 0 _aObispados godos de Levante
_b: aportación a la historia eclesiástica del Reino de Valencia /
_cLuis Duart ; prólogo de José Zahonero Vivó.
260 _aMadrid :
_bMorata,
_c[1961]
300 _a150 p., 1 lám. pleg. ;
_c21 cm.
651 4 _aValencia (Reino)-
_xHistoria eclesiástica.
_9165837
700 1 _aZahonero Vivó, José.
_9117851
852 _aES-MaACL
_jC-20996
999 _c57618
_d57618